Scottish civilisation #2 - Statistics

General Stats
  • This quiz has been taken 41 times
  • The average score is 9 of 12
Answer Stats
Question Answer % Correct
What is the Divine Rights of Kings ? A belief which consist in the fact that Kings consider themselves to be god's messenger
100%
Who became King of Scotland in 13O6 ? Robert the Bruce
94%
Between which countries the Auld Alliance was signed ? France & Scotland
84%
Who was the next king after Alexander IIIrd ? (King recommended by the King of England = Edward Ist) John Balliol
84%
When did the Auld Alliance end ? 1560
81%
Who were the first inhabitants of Scotland ? The Picts
81%
Who ordered the execution of Mary Stuart in 1567 ? Elizabeth Ist
77%
What was the name of the Treaty which recognised Scotland as an Independent country in 1328 ? The Treaty of Edinburgh
77%
Who was the leader of the rebellion ? William Wallace
77%
What was the religion of James VI/I Protestantism
68%
When did the War of Independence start ? 1297
61%
When did Mary Stuart (The Stewards) become the Queen of Scotland 1542
55%
No matching quizzes found
Score Distribution
Percent of People with Each Score
Percentile by Number Answered
Your Score History
You have not taken this quiz